000 01157njm a2200313Ia 4500
001 A5921
003 IT-RoPAU
005 20220918181145.0
008 131025s9999 xx 000 0 und d
040 _aIT-RoPAU
040 _cIT-RoPAU
041 _aINGLESE
999 _c101561
_d101561
999 _bn.d.
100 _aEurythmics
_99023
100 _eAutore musica
_928275
100 _gCodice autore musica SPICS: 8026
_99025
245 _aSweet Dreams (Are Made of This)
250 _a1a ed.
260 _aNEW YORK
260 _bRCA RECORDS
_c1992 [1a Ed.:1992 - Ed. Lingua Orig.: 1992]
300 _aCOMPACT DISC
300 _c44 minuti (Testo: 0 pag.)
500 _aMusica rock.
505 _aLove Is A Stranger - I'Ve Got An Angel - Wrap It Up - I Could Give You (A Mirror) - The Walk - Sweet Dreams (Are Made of This) - Jennifer - This Is the House - Somebody Told Me - This City Never Sleeps
650 _aROCK [COMPACT DISC]
_eCodice MATERIA SPICS: 9949
_928276
700 _aEurythmics
_eAutore testo e musica
_gCodice autore testo/musica SPICS: 8026
_928277
700 _aEurythmics
_gCodice interprete SPICS: 8026
_eInterprete
_928278
942 _cCD
_2ddc